000 00291nam a22001337a 4500
008 181107b xxu||||| |||| 00| 0 eng d
020 _a0273019880
041 _aeng
080 _a336
100 _a55
101 _aMAN
245 _aMnagemnet Of Values
_cCharles.S.M
942 _2udc
_cBK
999 _c52205
_d52205